Comparative economic systems
Saved in:
| Hovedforfatter: | |
|---|---|
| Format: | Bog |
| Sprog: | engelsk |
| Udgivet: |
Tokio
John Weatherhill
1966
|
| Udgivelse: | 7a. ed |
| Fag: | |
| Tags: |
Tilføj Tag
Ingen Tags, Vær først til at tagge denne postø!
|
MARC
| LEADER | 00000nam a2200000 a 4500 | ||
|---|---|---|---|
| 001 | UCR7843 | ||
| 003 | CL-VaPUC | ||
| 008 | 980519e19660000JA |||||||||||||||||eng|d | ||
| 082 | 0 | 4 | |a 330.12 |b LOU |2 21 |
| 100 | |a Loucks, William N. |e autor |9 409316 | ||
| 245 | 1 | 0 | |a Comparative economic systems |
| 250 | |a 7a. ed | ||
| 300 | |a 758 p | ||
| 942 | |c BK | ||
| 945 | |d 19980519 00:00:00 |a crobeson | ||
| 260 | |a Tokio |b John Weatherhill |c 1966 | ||
| 650 | 0 | |a Economía |9 255568 | |
| 650 | 7 | |a SISTEMAS ECONOMICOS |2 CL-VaPUC |9 409317 | |
| 650 | 7 | |a ESTUDIO COMPARATIVO |2 CL-VaPUC |9 321392 | |
| 650 | 0 | |a Capitalismo |9 255255 | |
| 650 | 0 | |a Economía planificada |9 341239 | |
| 583 | |a last modification |c 19980519 00:00:00 |k Rodrigo Vera | ||
| 999 | |c 269422 |d 269420 | ||
| 952 | |0 0 |1 0 |4 0 |6 330_120000000000000_LOU_1966 |7 0 |8 A |9 303161 |a BIBENE |b BIBENE |d 2019-11-20 |i 1997327 |o 330.12 LOU 1966 |p 1997327 |r 2025-01-15 |w 2019-11-20 |y BK |k ICO | ||